000 00265nam a2200085Ia 4500
008 170620s9999 xx 000 0 und d
100 _aReddy- G. Lokanadha
245 0 _aAnti Social Behavior in Students- Detection and management
260 _bNew Delhi- Discovery Publishing House
260 _c2004
999 _c24294
_d24294